African development report. (Record no. 466)
[ view plain ]
| 000 -LEADER | |
|---|---|
| fixed length control field | 01151nam a2200289Ia 4500 |
| 245 00 - TITLE STATEMENT | |
| Title | African development report. |
| 260 ## - PUBLICATION, DISTRIBUTION, ETC. (IMPRINT) | |
| Place of publication | New York : |
| Name of publisher | Oxford University Press, |
| Year of publication | 2008. |
| 300 ## - PHYSICAL DESCRIPTION | |
| Number of Pages | xxv, 100 p. |
| 856 40 - ELECTRONIC LOCATION AND ACCESS | |
| Uniform Resource Identifier | http://site.ebrary.com/lib/rucke/Doc?id=10288470 |
No items available.
